| 000 | 00000nam##2200000za#4500 |
| 001 | 9.619775 |
| 003 | CaOODSP |
| 005 | 20210615103656 |
| 007 | ta |
| 008 | 150406|2009||||xxc||||| f|0| 0 eng|d |
| 020 | |a0-921652-85-2 |
| 022 | |a0837-1652 |
| 040 | |aCaOODSP|beng |
| 043 | |an-cn--- |
| 086 | 1 |aNE22-4/166E |
| 110 | 1 |aCanada. |bNatural Resources Canada. |
| 245 | 10|aCuttings treatment technology evaluation / |cby: Jacques Whitford Stantec Limited. |
| 260 | |aOttawa - Ontario : |bNatural Resources Canada |cJuly 2009. |
| 300 | |aii, 100p. : |bfigs., references, tables, photographs ; |c28 cm. |
| 490 | 1 |aEnvironmental Studies Research Funds|x0837-1652|v166 |
| 520 | 3 |aThe objectives of this study are to report on the current state of drill cuttings treatment technologies applicable to offshore drilling operations by conducting a literature review and consultations with industry (East Coast operators and suppliers), and to provide updated information from 2000 to present on this subject. |
| 546 | |a(Résumé en français.) |
| 563 | |aSoftcover |
| 590 | |a10-15|b2010-04-16 |
| 690 | 07|aEnvironmental impact assessment|2gcpds |
| 776 | 0#|tCuttings treatment technology evaluation / |w(CaOODSP)9.571102 |
| 830 | #0|aEnvironmental Studies Research Funds,|x0837-1652|v166|w(CaOODSP)9.514809 |